Library of the University of Algiers 3
Ibrahim Sultan Cheibout
شعار جامعة الجزائر 3
مكتبة جامعة الجزائر 3
إبراهيم سلطان شيبوط

استراتيجية المؤسسة : (رقم التسجيلة. 41285)

تفاصيل مارك
000 -LEADER
fixed length control field 01783nam a2200229Ia 4500
003 - CONTROL NUMBER IDENTIFIER
control field Ost
005 - DATE AND TIME OF LATEST TRANSACTION
control field 20260416102358.0
008 - FIXED-LENGTH DATA ELEMENTS--GENERAL INFORMATION
fixed length control field 260416s9999||||xx |||||||||||||| ||und||
040 ## - CATALOGING SOURCE
Transcribing agency fsecg
041 ## - LANGUAGE CODE
Language code of text/sound track or separate title ara
082 ## - DEWEY DECIMAL CLASSIFICATION NUMBER
Classification number 355.43
100 ## - MAIN ENTRY--PERSONAL NAME
Personal name بوترية، وهيبة
Relator term مؤلف
245 #0 - TITLE STATEMENT
Title استراتيجية المؤسسة :
Remainder of title مطبوعة موجهة لطلبة السنة الثالثة اقتصاد و تسيير المؤسسة /
Statement of responsibility, etc. وهيبة بوترية
260 ## - PUBLICATION, DISTRIBUTION, ETC.
Place of publication, distribution, etc. الجزائر
Name of publisher, distributor, etc. جامعة الجزائر3: كلية العلوم الإقتصادية، العلوم التجارية وعلوم التسيير
Date of publication, distribution, etc. 2022
300 ## - PHYSICAL DESCRIPTION
Extent 103 ورقة
Other physical details ايضاحات
Dimensions 30 سم
504 ## - BIBLIOGRAPHY, ETC. NOTE
Bibliography, etc. note مراجع ص.100
520 ## - SUMMARY, ETC.
Summary, etc. مدخل الى الاستراتيجية و تطور الفكر الاستراتيجي (مدارس الاستراتيجية) ، المؤسسة و علاقتها بالمحيط ، الاتحاه الاستراتيجي (التوجه الاستراتيجي) ، التجزئة الاستراتيجية ، التشخيص الاستراتيجي البيئة الخارجية الخاصة ، تشخيص البيئة الداخلية و تشخيص الخارجي و الداخلي معا (SWOT) ، مصفوفات الوضعية التنافسية ، البدائل الاستراتيجية (الخيارات الاستراتيجية) و التنفيذ الاستراتيجي و الرقابة الاسيتراتيجية ، استراتيجية المحيط الأزرق .
653 ## - INDEX TERM--UNCONTROLLED
Uncontrolled term استراتيجية المؤسسات
653 ## - INDEX TERM--UNCONTROLLED
Uncontrolled term الاستراتيجية
710 ## - ADDED ENTRY--CORPORATE NAME
Corporate name or jurisdiction name as entry element جامعة الجزائر3: كلية العلوم الإقتصادية، العلوم التجارية وعلوم التسيير
Relator term ناشر علمي
942 ## - ADDED ENTRY ELEMENTS (KOHA)
Koha item type مطبوعات
المقتنيات
Withdrawn status Lost status Source of classification or shelving scheme Damaged status Not for loan Home library Current library Date acquired Serial enumeration / chronology Inventory number Total checkouts Full call number Barcode Date last seen Price effective from Koha item type
    Dewey Decimal Classification   NOT LOAN / إعارة داخلية مكتبة كلية العلوم الإقتصادية والعلوم التجارية وعلوم التسيير مكتبة كلية العلوم الإقتصادية والعلوم التجارية وعلوم التسيير 16/04/2026 الطابق الثاني مط.498-1   مط.498 ن1 مط.498-1 16/04/2026 16/04/2026 مطبوعات

موارد الويب المفتوحة


© University of Algiers 3 All Rights Reserved
|
Implemented by LECHELAH Riad